LEADER 01378nam a2200289 i 4500 001 000000058655 003 CaOOAMICUS 005 20140402000000.0 008 140402s1998 xx u000 u swe u 013 $a29827 020 $a91-554-4141-6 040 $aSeMil$bita 100 1 $aIngebrand, Sven.$0(OLS)http://semarc/name/29916 245 10$aSwenske songer 1536 :$bvår första bevarade evangeliska psalmbok /$cdi Sven Ingebrand. 260 $aUppsala :$bUppsala University Library,$c1998. 300 $a216 p. ;$c24 cm. 490 0 $aActa Universitatis Upsaliensis. Uppsala studies in faiths and ideologies ;$v7 650 4$aLetteratura scandinava.$0(OLS)http://semarc/subject/9491 650 4$aLiturgia protestante.$0(OLS)http://semarc/subject/8673 650 4$aInni religiosi - Svezia.$0(OLS)http://semarc/subject/11827 830 0$aActa Universitatis Upsaliensis. Uppsala studies in faiths and ideologies ;$v7.$0(OLS)http://semarc/title/264 850 $aSeMil 852 $aSeMil$W1$xVenegono$y1$m2K I 250/1$j24808$B24808$CSeMilBibl$Z2$F24811 $81 961 $aCambio: Scuola Cattolica 996 $6020$a91-554-4141-6$9(OLS)http://semarc/number/34336 996 $6245$aSwenske songer 1536 :$bvår första bevarade evangeliska psalmbok$9(OLS)http://semarc/title/91476 996 $6260$aUppsala :$bUppsala University Library$9(OLS)http://semarc/publisher/39785 LEADER 01190nam a2200253 i 4500 001 000000205369 003 CaOOAMICUS 005 20110820000000.0 008 110820s1980 it u000 u ita u 013 $a184106 040 $aSeMil$bita 100 1 $aSpadolini, Giovanni <1925-1994>.$0(OLS)http://semarc/name/3766 245 10$aChiesa e Stato :$bdal Risorgimento alla Repubblica /$cGiovanni Spadolini, Cosimo Ceccuti. 260 $aFirenze :$bLe Monnier,$c1980. 300 $aVII, 106 p. ;$c20 cm. 490 0 $aStoria parallela. Sez. 4., L'etā delle grandi potenze e il mercato mondiale 500 $aContiene : Riferimenti bibliografici. 650 4$aChiesa e Stato - Storia.$0(OLS)http://semarc/subject/4942 700 1 $aCeccuti, Cosimo.$0(OLS)http://semarc/name/52551 830 0$aStoria parallela. Sez. 4., L'etā delle grandi potenze e il mercato mondiale.$0(OLS)http://semarc/title/34144 850 $aSeMil 852 $aSeMil$W1$xVenegono$y1$m3U II 376$j155863$B155863$CSeMilBibl$Z2$F167211 $81 996 $6245$aChiesa e Stato :$bdal Risorgimento alla Repubblica$9(OLS)http://semarc/title/297265 996 $6260$aFirenze :$bLe Monnier$9(OLS)http://semarc/publisher/30060